Estadísticas para Países más pobladas con excepciones

Haz click aquí para intentar la prueba.

Estadísticas generales

  • Esta prueba ha sido intentada 2.378 veces
    (955 desde el último reinicio)
  • La puntuación promedio es 17 de 20

Estadísticas de respuestas

PoblaciónPaís% Correcto
345 MEstados Unidos
99%
217 MBrasil
98%
47 MEspaña
97%
129 MMéxico
97%
83 MAlemania
96%
68 MFrancia
96%
110 MRusia
94%
59 MItalia
92%
68 MReino Unido
92%
61 MSudáfrica
89%
114 MEgipto
87%
228 MNigeria
87%
52 MColombia
86%
105 MR.D. Congo
84%
46 MArgelia
73%
129 MEtiopía
71%
56 MKenia
65%
49 MSudán
65%
69 MTanzania
64%
50 MUganda
44%

Distribución de puntuación

Porcentaje por número respondido

Porcentaje de gente con cada puntuación

Historial de tus puntuaciones

No has intentado esta prueba desde el último reinicio